| 000 | 01000 a2200253 4500 | ||
|---|---|---|---|
| 005 | 20260316130455.0 | ||
| 008 | 260316b |||||||| |||| 00| 0 eng d | ||
| 020 | _a8173090588 (pbk) | ||
| 037 | _cTB | ||
| 040 |
_aCRL _cCRL |
||
| 041 |
_2hin _ahin |
||
| 084 |
_aQ2 152Q8 _qCRL |
||
| 245 | _aमहाभारत कहानियां | ||
| 260 |
_aनई दिल्ली, भारत: _bसस्ता साहित्य मण्डल प्रकाशन, _c2018. |
||
| 300 | _a60पृ. | ||
| 365 |
_b40.00 _cINR |
||
| 490 | _aधर्म - कथा - भारती : 9 | ||
| 521 | _aसस्ता | ||
| 650 | _aमहाभारत | ||
| 650 | _aधर्म | ||
| 700 |
_aजैन, यशपाल _eसम्पादक |
||
| 942 |
_cTB _2CC _hQ2 152Q8 |
||
| 999 |
_c1467298 _d1467298 |
||